| 000 | 00664nam a22002297a 4500 | ||
|---|---|---|---|
| 999 |
_c1777 _d1777 |
||
| 003 | AR-CdUCM | ||
| 008 | 190227b ||||| |||| 00| 0 spa d | ||
| 040 |
_aMUNICIPALIDAD PROVINCIAL DEL CUSCO _cBIBLIOTECA MUNICIPAL DEL CUSCO |
||
| 082 |
_a809 / _bV47 |
||
| 100 |
_aVerdone, Mario _96528 |
||
| 245 | _aQue es verdaderamente el Futurismo / | ||
| 260 |
_aEspaña : _bDoncel ; _c1971. |
||
| 300 |
_a149 páginas _c18cm |
||
| 505 | _aFuturismo | ||
| 650 |
_aExpresionismo _96529 |
||
| 650 |
_aCiencia-ficción _91551 |
||
| 650 |
_aIlustración _94305 |
||
| 650 |
_aGalileo _96530 |
||
| 650 |
_aConfucio _96531 |
||
| 942 |
_2ddc _cLIBROS |
||
| 945 |
_anom _d2019-02-27 |
||